00498 2200193 4500001002100000005001500021035002000036007000300056008004100059020002200100082001000122084001600132100001500148245005400163250001100217260003200228300002800260650001600288INLIS00000000000203220260221123253 a0010-0226000042ta260221 g 0 ind  a978-602-5792-54-0 a320.9 a320.9 TAN g0 aTan Malaka1 aGERPOLEK :bGERILYA POLITIK EKONOMI /cTan Malaka aCet. 6 aYogyakarta :bNarasi,c2022 a140 hlm :b- ;c14 x 20 aIlmu Sosial